San Pablo, primer ermitaño (Record no. 102971)
[ view plain ]
| 000 -LEADER | |
|---|---|
| campo de control de longitud fija | 01553nka a2200337 i 4500 |
| 001 - NÚMERO DE CONTROL | |
| campo de control | 102971 |
| 003 - IDENTIFICADOR DE NÚMERO DE CONTROL | |
| campo de control | ES-MaACL |
| 005 - FECHA Y HORA DE LA ÚLTIMA TRANSACCIÓN | |
| campo de control | 20250821012008.0 |
| 007 - CAMPO FIJO DE DESCRIPCIÓN FÍSICA--INFORMACIÓN GENERAL | |
| campo de control de longitud fija | t| |
| 008 - DATOS DE LONGITUD FIJA--INFORMACIÓN GENERAL | |
| campo de control de longitud fija | 051222e1797 sp f | |r||1c|spa d |
| 100 1# - ENTRADA PRINCIPAL--NOMBRE DE PERSONA | |
| Nombre de persona | Trière, Philippe, |
| Fechas asociadas al nombre | 1756-ca. 1815 |
| Término indicativo de función/relación | Grabador |
| 9 (RLIN) | 111398 |
| 245 10 - MENCIÓN DEL TÍTULO | |
| Título | San Pablo, primer ermitaño |
| Medio | [Material gráfico] / |
| Mención de responsabilidad, etc. | Josep Rivera pinx ; Phi Triere sculp. 1797 |
| 260 ## - PUBLICACIÓN, DISTRIBUCIÓN, ETC. | |
| Lugar de publicación, distribución, etc. | Madrid : |
| Nombre del editor, distribuidor, etc. | Se hallará en la Calcografía de la Imprenta Real, |
| Fecha de publicación, distribución, etc. | 1797 |
| 300 ## - DESCRIPCIÓN FÍSICA | |
| Extensión | 1 estampa : |
| Otras características físicas | grabado calcográfico ; |
| Dimensiones | 459 x 397 mm |
| 490 1# - MENCIÓN DE SERIE | |
| Mención de serie | Colección facticia de grabados ; |
| Designación de volumen o secuencia | 24 |
| RLIN | 184692 |
| 500 ## - NOTA GENERAL | |
| Nota general | Inscripción: "San Pablo, primer ermitaño, de Rivera: tiene cinco pies de alto por cinco de ancho, se ha trasladado del Real Palacio al Museo de Madrid" |
| 530 ## - NOTA DISPONIBLE DE FORMULARIO FÍSICO ADICIONAL | |
| Nota de formato físico adicional disponible | Disponible en formato digital |
| 594 ## - Nota al título y mención de responsabilidad | |
| a | Título del cuadro de Ribera: "San Pablo Ermitaño" |
| 600 04 - PUNTO DE ACCESO ADICIONAL DE MATERIA--NOMBRE DE PERSONA | |
| Nombre de persona | Pablo de Tebas, |
| Títulos y otros términos asociados al nombre | Santo |
| 9 (RLIN) | 88090 |
| 655 #7 - TERMINO DE INDIZACIÓN--GENERO/FORMA | |
| Datos o término principal de género/forma | Grabados calcográficos |
| Fuente del término | tgfbne |
| 9 (RLIN) | 241761 |
| 655 #7 - TERMINO DE INDIZACIÓN--GENERO/FORMA | |
| Datos o término principal de género/forma | Grabados |
| Fuente del término | tgfbne |
| 9 (RLIN) | 226846 |
| 655 #4 - TERMINO DE INDIZACIÓN--GENERO/FORMA | |
| Datos o término principal de género/forma | Reproducciones de obras de arte |
| 9 (RLIN) | 241931 |
| 700 1# - ENTRADA AGREGADA--NOMBRE PERSONAL | |
| Nombre de persona | Ribera, José de, |
| Fechas asociadas al nombre | 1591-1652 |
| Término indicativo de función/relación | Artista |
| 9 (RLIN) | 96775 |
| 710 2# - ENTRADA AGREGADA--NOMBRE DE ENTIDAD CORPORATIVA | |
| Nombre de entidad corporativa o nombre de jurisdicción como elemento de entrada | Calcografía de la Imprenta Real |
| Término indicativo de función/relación | Editor |
| 9 (RLIN) | 241806 |
| 830 #0 - PUNTO DE ACCESO ADICIONAL DE SERIE-TÍTULO UNIFORME | |
| Título uniforme | Colección facticia de grabados ; |
| Designación de volumen o secuencia | 24 |
| 9 (RLIN) | 184692 |
| 852 4# - LOCALIZACIÓN | |
| Ubicación | ES-MaACL |
| Ubicación en estantería | Depósito 2 |
| Número de control de estantería | GF-2(24) |
| 856 4# - LOCALIZACIÓN Y ACCESO ELECTRÓNICOS | |
| Identificador Uniforme de Recursos | <a href="https://bibliotecavirtual.larioja.org/bvrioja/es/consulta/registro.do?id=2046">https://bibliotecavirtual.larioja.org/bvrioja/es/consulta/registro.do?id=2046</a> |
| Texto de enlace | Versión en línea |
| Nota pública | (Biblioteca Virtual de La Rioja) |
| 942 ## - ELEMENTOS DE ENTRADA SECUNDARIOS (KOHA) | |
| Fuente del sistema de clasificación o colocación | Clasificación decimal universal |
| Tipo de ítem Koha | Grabado |
| Suprimir en OPAC | No |
| Estatus retirado | Estado de pérdida | Fuente del sistema de clasificación o colocación | Estado de daño | No para préstamo | Colección | Biblioteca de origen | Biblioteca actual | Ubicación en estantería | Fecha de adquisición | Total de préstamos | Signatura topográfica completa | Código de barras | Visto por última vez | Tipo de ítem Koha |
|---|---|---|---|---|---|---|---|---|---|---|---|---|---|---|
| Clasificación decimal universal | Colección digital | Biblioteca del Ateneo de Madrid | Biblioteca del Ateneo de Madrid | Depósito 2 | 17/01/2008 | GF-2(24) | 1107514 | 23/02/2023 | Grabado |
